[Event "Budapest FS06 IM"]
[Site "Budapest"]
[Date "2022.06.13"]
[Round "8"]
[White "Mohsen, Khaled"]
[Black "Farago, Sandor"]
[Result "1-0"]
[WhiteElo "2210"]
[BlackElo "2143"]
[PlyCount "141"]
[EventDate "2022.06.04"]
[EventType "tourn"]
[EventRounds "9"]
[EventCountry "HUN"]
[SourceTitle "CBM 208 Extra"]
[Source "ChessBase"]
[SourceDate "2022.07.31"]
[SourceVersion "1"]
[SourceVersionDate "2022.07.31"]
[SourceQuality "1"]

1. d4 Nf6 2. c4 g6 3. Nc3 Bg7 4. e4 d6 5. Nge2 Nbd7 6. Ng3 e5 7. d5 a5 8. Bd3 Nc5 9. Bc2 Bd7 10. 0-0 h5 11. Bg5 h4 12. Nh1 Qc8 13. f3 Rh5 14. Be3 b6 15. Nf2 Qd8 16. b3 Qe7 17. a3 Kf8 18. b4 Nb7 19. Ba4 Kg8 20. Bxd7 Nxd7 21. Nb5 Qd8 22. Qe2 Nb8 23. h3 Rh7 24. Qd2 f5 25. Qc2 Qd7 26. Rab1 Na6 27. Qe2 Bf6 28. Bd2 Nb8 29. Nd3 c5 30. bxc5 Nxc5 31. Nxc5 bxc5 32. Nc3 Qc8 33. Rb5 Bd8 34. Rfb1 Nd7 35. Kh1 Nf6 36. Na4 Nh5 37. Kh2 Ng3 38. Qd3 Rf7 39. Nc3 a4 40. Be1 Nh5 41. Ne2 Bg5 42. Rb6 Qd8 43. R1b5 Bf4+ 44. Kg1 Qe7 45. Nc3 Raf8 46. Ra6 Qg5 47. Rxd6 Be3+ 48. Kf1 Nf4 49. Qc2 Bd4 50. Rb2 Kh7 51. Rdb6 Bxc3 52. Bxc3 fxe4 53. Qxe4 Nxg2 54. Rxg2 Rxf3+ 55. Kg1 Qc1+ 56. Kh2 Rxh3+ 57. Kxh3 Qh1+ 58. Kg4 Rf4+ 59. Kg5 Rxe4 60. Rb7+ Kg8 61. Rb8+ Kf7 62. Rb7+ Ke8 63. Rb8+ Kd7 64. Rb7+ Kd6 65. Rb6+ Kc7 66. Rgb2 Qg1+ 67. Kf6 Rf4+ 68. Kg7 Qf1 69. Bxe5+ Kd8 70. Rb8+ Kd7 71. R2b7# 1-0

[Event "Budapest FS06 IM"]
[Site "Budapest"]
[Date "2022.06.11"]
[Round "7"]
[White "Fogarasi, Tibor"]
[Black "Mohsen, Khaled"]
[Result "1-0"]
[WhiteElo "2320"]
[BlackElo "2210"]
[PlyCount "83"]
[EventDate "2022.06.04"]
[EventType "tourn"]
[EventRounds "9"]
[EventCountry "HUN"]
[SourceTitle "CBM 208 Extra"]
[Source "ChessBase"]
[SourceDate "2022.07.31"]
[SourceVersion "1"]
[SourceVersionDate "2022.07.31"]
[SourceQuality "1"]

1. e4 d6 2. d4 Nf6 3. Nc3 g6 4. Be3 c6 5. h3 Bg7 6. f4 0-0 7. Nf3 b5 8. a3 a5 9. Bd3 Bb7 10. e5 Ne8 11. 0-0 Na6 12. Ne4 Nec7 13. Qe1 Nd5 14. Bd2 b4 15. Rd1 c5 16. c4 bxc3 17. bxc3 cxd4 18. cxd4 Qd7 19. Qh4 f5 20. exf6 Nxf6 21. Neg5 Nc7 22. Nxh7 Nxh7 23. Bxg6 Nf6 24. Ng5 Rfc8 25. f5 Bd5 26. Nh7 Nce8 27. g4 Rc4 28. g5 Qa7 29. gxf6 Rxd4 30. f7+ Bxf7 31. Bxf7+ Kxf7 32. Ng5+ Kg8 33. Qh7+ Kf8 34. Ne6+ Kf7 35. Qg6+ Kg8 36. Be3 Rg4+ 37. Qxg4 Qxe3+ 38. Kh1 Rb8 39. Rg1 Qe5 40. Nxg7 Nxg7 41. Rde1 Qc3 42. Rxe7 1-0

[Event "Budapest FS06 IM"]
[Site "Budapest"]
[Date "2022.06.10"]
[Round "6"]
[White "Mohsen, Khaled"]
[Black "Isha, Sharma"]
[Result "0-1"]
[WhiteElo "2210"]
[BlackElo "2234"]
[PlyCount "94"]
[EventDate "2022.06.04"]
[EventType "tourn"]
[EventRounds "9"]
[EventCountry "HUN"]
[SourceTitle "CBM 208 Extra"]
[Source "ChessBase"]
[SourceDate "2022.07.31"]
[SourceVersion "1"]
[SourceVersionDate "2022.07.31"]
[SourceQuality "1"]

1. d4 Nf6 2. c4 e6 3. Nf3 Bb4+ 4. Bd2 Qe7 5. e3 Nc6 6. a3 Bxd2+ 7. Nbxd2 a5 8. Qc2 d6 9. Be2 0-0 10. 0-0 e5 11. d5 Nb8 12. b4 Bg4 13. Nb3 a4 14. Nc1 c6 15. e4 Rc8 16. Qd3 b5 17. cxb5 cxd5 18. Nd2 Be6 19. exd5 Nxd5 20. g3 f5 21. Na2 Nd7 22. Rfc1 Qf6 23. Rxc8+ Rxc8 24. Rc1 Rxc1+ 25. Nxc1 e4 26. Qc2 Qa1 27. Nc4 Nc3 28. Bf1 d5 29. Qb2 Qxb2 30. Nxb2 d4 31. Ne2 Nxe2+ 32. Bxe2 Nb6 33. Bd1 Bb3 34. Bxb3+ axb3 35. Kf1 Kf8 36. a4 Nd5 37. Ke2 Ke7 38. Kd2 Nxb4 39. a5 Kd7 40. a6 Kc7 41. Kc1 Nd3+ 42. Nxd3 exd3 43. a7 Kb7 44. b6 g5 45. f3 h5 46. h3 g4 47. hxg4 f4 0-1

[Event "Budapest FS11 IM"]
[Site "Budapest"]
[Date "2021.11.16"]
[Round "11"]
[White "Walker, Martin Graham"]
[Black "Mohsen, Khaled"]
[Result "1-0"]
[WhiteElo "2196"]
[BlackElo "2264"]
[PlyCount "51"]
[EventDate "2021.11.06"]
[EventType "tourn"]
[EventRounds "11"]
[EventCountry "HUN"]
[EventCategory "1"]
[SourceTitle "CBM 205 Extra"]
[Source "ChessBase"]
[SourceDate "2022.01.31"]
[SourceVersion "1"]
[SourceVersionDate "2022.01.31"]
[SourceQuality "1"]

1. e4 d6 2. d4 Nf6 3. Nc3 g6 4. f4 Bg7 5. Nf3 0-0 6. Bd3 Na6 7. e5 Nd7 8. Ne2 Nb4 9. Bc4 Nb6 10. Bb3 a5 11. c3 Na6 12. 0-0 c5 13. Ng3 Bd7 14. f5 a4 15. Bxf7+ Rxf7 16. e6 Rf8 17. exd7 Qxd7 18. fxg6 hxg6 19. Qd3 Qg4 20. Bg5 Rxf3 21. Qxf3 Qxg5 22. Qxb7 Qd5 23. Qxb6 cxd4 24. Rad1 Qc4 25. cxd4 Qxa2 26. Qb7 1-0

[Event "Budapest FS11 IM"]
[Site "Budapest"]
[Date "2021.11.14"]
[Round "9"]
[White "Adarsh, Tripathi"]
[Black "Mohsen, Khaled"]
[Result "1-0"]
[WhiteElo "2191"]
[BlackElo "2264"]
[PlyCount "53"]
[EventDate "2021.11.06"]
[EventType "tourn"]
[EventRounds "11"]
[EventCountry "HUN"]
[EventCategory "1"]
[SourceTitle "CBM 205 Extra"]
[Source "ChessBase"]
[SourceDate "2022.01.31"]
[SourceVersion "1"]
[SourceVersionDate "2022.01.31"]
[SourceQuality "1"]

1. e4 d6 2. d4 Nf6 3. Nc3 g6 4. Bg5 Bg7 5. Qd2 h6 6. Bh4 c6 7. f4 b5 8. Bd3 Qb6 9. Nf3 b4 10. Ne2 d5 11. Bxf6 Bxf6 12. e5 Bg7 13. 0-0-0 a5 14. Kb1 Na6 15. f5 Bxf5 16. Bxf5 gxf5 17. e6 fxe6 18. Nf4 Nc7 19. Rhe1 0-0-0 20. Nxe6 Nxe6 21. Rxe6 Rd7 22. Rde1 Bf6 23. Qd3 f4 24. Qf5 Qc7 25. Ne5 Bxe5 26. R6xe5 Kd8 27. Qxf4 1-0

[Event "Oberwart op"]
[Site "Oberwart"]
[Date "2001.??.??"]
[Round "3"]
[White "Hofbauer, Peter"]
[Black "Mohsen, Khaled"]
[Result "0-1"]
[WhiteElo "2075"]
[BlackElo "2359"]
[PlyCount "146"]
[EventDate "2001.??.??"]
[EventType "swiss"]
[EventRounds "9"]
[EventCountry "AUT"]
[SourceTitle "EXT 2002"]
[Source "ChessBase"]
[SourceDate "2001.11.25"]
[SourceVersion "1"]
[SourceVersionDate "2001.11.25"]
[SourceQuality "1"]

1. e4 g6 2. d4 Bg7 3. Be3 d6 4. Nf3 Nf6 5. Bd3 0-0 6. 0-0 Nbd7 7. Nc3 c5 8. e5 Ng4 9. e6 fxe6 10. Ng5 Ndf6 11. dxc5 Nxe3 12. fxe3 d5 13. e4 Qc7 14. Kh1 h6 15. Nf3 Qxc5 16. e5 Ng4 17. Qe2 Bd7 18. Rae1 d4 19. Nd1 Nxe5 20. Nxe5 Rxf1+ 21. Rxf1 Qxe5 22. Qxe5 Bxe5 23. Bxg6 Rc8 24. Re1 Bf6 25. Nf2 Rc5 26. Bd3 Bh4 27. g3 Bg5 28. h4 Bf6 29. Kh2 b5 30. b4 Rc3 31. Ne4 Ra3 32. Nc5 Be8 33. Kh3 Rxa2 34. g4 e5 35. g5 hxg5 36. hxg5 Bg7 37. Kg4 Bf7 38. Rh1 Bf8 39. Bh7+ Kg7 40. Be4 Rb2 41. Rh7+ Kg8 42. g6 Ba2 43. Bf5 Rxb4 44. Kh5 Rb1 45. Kg4 Bd5 46. Be6+ Bxe6+ 47. Nxe6 Rf1 48. Rh5 Bg7 49. Rh7 Bf8 50. Rh5 Rf6 51. Rxe5 Rxg6+ 52. Kf5 Rh6 53. Ke4 a6 54. Kxd4 Rh2 55. Rc5 Kf7 56. Ng5+ Kg6 57. Nf3 Bg7+ 58. Ke4 Re2+ 59. Kd3 Re6 60. Nh4+ Kf7 61. Nf3 Ke8 62. Rc7 Rd6+ 63. Ke4 Kd8 64. Ra7 Bf6 65. Nh2 Kc8 66. Ra8+ Kb7 67. Re8 a5 68. Ng4 a4 69. Nxf6 exf6 70. Kf5 a3 71. Re7+ Kb6 72. Re3 b4 73. Rb3 a2 0-1

[Event "Oberwart op"]
[Site "Oberwart"]
[Date "2001.??.??"]
[Round "8"]
[White "Mohsen, Khaled"]
[Black "Lalic, Bogdan"]
[Result "0-1"]
[WhiteElo "2359"]
[BlackElo "2531"]
[PlyCount "58"]
[EventDate "2001.??.??"]
[EventType "swiss"]
[EventRounds "9"]
[EventCountry "AUT"]
[SourceTitle "EXT 2002"]
[Source "ChessBase"]
[SourceDate "2001.11.25"]
[SourceVersion "1"]
[SourceVersionDate "2001.11.25"]
[SourceQuality "1"]

1. d4 Nf6 2. c4 e6 3. Nf3 b6 4. Nc3 Bb4 5. Bg5 Bb7 6. e3 h6 7. Bh4 g5 8. Bg3 Ne4 9. Rc1 Bxc3+ 10. bxc3 d6 11. h4 Rg8 12. Qc2 Nd7 13. Bh2 Qe7 14. hxg5 hxg5 15. Nd2 Nxd2 16. Kxd2 0-0-0 17. e4 f5 18. exf5 exf5 19. Bd3 f4 20. Rhe1 Qf7 21. Bf5 Rh8 22. Bg1 Bxg2 23. Qd3 Kb8 24. Bxd7 Qxd7 25. Qg6 Rhg8 26. Qh6 Qa4 27. Kd3 d5 28. cxd5 Rxd5 29. c4 Qa3+ 0-1

[Event "Oberwart op"]
[Site "Oberwart"]
[Date "2001.??.??"]
[Round "2"]
[White "Mohsen, Khaled"]
[Black "Medvegy, Zoltan"]
[Result "0-1"]
[WhiteElo "2359"]
[BlackElo "2444"]
[PlyCount "60"]
[EventDate "2001.??.??"]
[EventType "swiss"]
[EventRounds "9"]
[EventCountry "AUT"]
[SourceTitle "EXT 2002"]
[Source "ChessBase"]
[SourceDate "2001.11.25"]
[SourceVersion "1"]
[SourceVersionDate "2001.11.25"]
[SourceQuality "1"]

1. d4 Nf6 2. c4 e6 3. Nc3 Bb4 4. Qc2 0-0 5. a3 Bxc3+ 6. Qxc3 b6 7. Nf3 Ba6 8. Bg5 d6 9. Qc2 c5 10. dxc5 bxc5 11. 0-0-0 Qe7 12. e3 Nbd7 13. Bd3 h6 14. h4 Bb7 15. Rh3 Ne5 16. Nxe5 dxe5 17. Bh7+ Kh8 18. g4 g6 19. h5 hxg5 20. hxg6 Kg7 21. f4 Rh8 22. fxe5 Nxh7 23. gxh7 Rhf8 24. Qf2 Rad8 25. Rxd8 Rxd8 26. Rh5 Rh8 27. Qc2 Bf3 28. Qh2 Bxg4 29. Rh6 Bf5 30. e4 Bg6 0-1

[Event "Oberwart op"]
[Site "Oberwart"]
[Date "2001.??.??"]
[Round "4"]
[White "Mohsen, Khaled"]
[Black "Schwaninger, Wolfgang"]
[Result "1-0"]
[WhiteElo "2359"]
[BlackElo "2158"]
[PlyCount "93"]
[EventDate "2001.??.??"]
[EventType "swiss"]
[EventRounds "9"]
[EventCountry "AUT"]
[SourceTitle "EXT 2002"]
[Source "ChessBase"]
[SourceDate "2001.11.25"]
[SourceVersion "1"]
[SourceVersionDate "2001.11.25"]
[SourceQuality "1"]

1. d4 Nf6 2. c4 d6 3. Nc3 g6 4. e4 Bg7 5. Nge2 c6 6. Ng3 0-0 7. Be2 Nbd7 8. 0-0 e5 9. d5 Ne8 10. Qc2 a5 11. a3 Qh4 12. Rb1 Ndf6 13. f3 Bh6 14. Nh1 Bxc1 15. Qxc1 Nh5 16. g3 Qe7 17. b4 f5 18. Nf2 Nef6 19. dxc6 bxc6 20. b5 d5 21. cxd5 cxd5 22. Nxd5 Nxd5 23. Bc4 Nhf6 24. exd5 Qd6 25. Qe3 Re8 26. Nd3 e4 27. Qc5 Rd8 28. Qxd6 Rxd6 29. Nc5 Rb8 30. fxe4 Nxe4 31. Nxe4 fxe4 32. a4 Bg4 33. Rbc1 Rc8 34. Bb3 Rxc1 35. Rxc1 Bh3 36. Re1 Rf6 37. Bc4 Bf5 38. Kf2 Kf8 39. Ke3 Ke7 40. Kd4 Kd6 41. b6 Rf8 42. Rb1 Rb8 43. Rb2 Bd7 44. b7 Bxa4 45. Ba6 Kc7 46. Kc5 Re8 47. b8Q+ 1-0

[Event "Tanta zt"]
[Site "Tanta"]
[Date "1998.11.23"]
[Round "7"]
[White "Mohsen, Khaled"]
[Black "El Gindy, Essam"]
[Result "0-1"]
[WhiteElo "2330"]
[BlackElo "2455"]
[PlyCount "86"]
[EventDate "1998.11.??"]
[EventType "swiss"]
[EventRounds "9"]
[EventCountry "EGY"]
[SourceTitle "EXT 2000"]
[Source "ChessBase"]
[SourceDate "1999.11.16"]
[SourceVersion "1"]
[SourceVersionDate "1999.11.16"]
[SourceQuality "1"]

1. d4 Nf6 2. c4 c6 3. Nc3 d5 4. e3 e6 5. Nf3 Nbd7 6. Be2 Bd6 7. 0-0 0-0 8. h3 Ne4 9. Nxe4 dxe4 10. Nd2 f5 11. c5 Bc7 12. b4 a6 13. a4 Qh4 14. f4 Nf6 15. Nc4 Nd5 16. Bd2 g5 17. Ne5 gxf4 18. exf4 Bxe5 19. dxe5 Bd7 20. Kh2 Kh8 21. Bc4 Rg8 22. Be1 Rxg2+ 23. Kxg2 Nxf4+ 24. Rxf4 Qxf4 25. Kh1 Rg8 26. Qe2 e3 27. Rd1 Be8 28. Rd8 Qg5 29. Qf1 Qxd8 30. Bxe6 Rf8 31. Qf4 Qd3 32. Qh6 Qf1+ 33. Kh2 Qe2+ 34. Kh1 Qxe1+ 35. Kh2 Qd2+ 36. Kg1 Rg8+ 37. Bxg8 Kxg8 38. e6 Qf2+ 39. Kh1 e2 40. Qg5+ Bg6 41. Qd8+ Kg7 42. Qe7+ Kh6 43. Qf8+ Kh5 0-1

[Event "Tanta zt"]
[Site "Tanta"]
[Date "1998.11.19"]
[Round "4"]
[White "Mohsen, Khaled"]
[Black "Tahan, Sabri"]
[Result "1/2-1/2"]
[WhiteElo "2330"]
[BlackElo "2225"]
[PlyCount "108"]
[EventDate "1998.11.??"]
[EventType "swiss"]
[EventRounds "9"]
[EventCountry "EGY"]
[SourceTitle "EXT 2000"]
[Source "ChessBase"]
[SourceDate "1999.11.16"]
[SourceVersion "1"]
[SourceVersionDate "1999.11.16"]
[SourceQuality "1"]

1. d4 d5 2. c4 c6 3. e3 Nf6 4. Nc3 e6 5. Nf3 Bd6 6. g4 Nbd7 7. g5 Ng8 8. Qc2 Ne7 9. e4 dxc4 10. e5 Bb4 11. Bxc4 Nb6 12. Bd3 Nf5 13. Be3 Nd5 14. Ke2 Be7 15. Nxd5 Qxd5 16. h4 Bd7 17. b4 Bc8 18. Rab1 a6 19. Rhg1 Qd7 20. Rg4 b5 21. a4 Bb7 22. Nd2 0-0 23. h5 a5 24. h6 g6 25. Ne4 axb4 26. Rxb4 Rxa4 27. Rxa4 bxa4 28. Qxa4 Ra8 29. Qb3 Qc8 30. Nc5 Nxe3 31. Kxe3 Bxc5 32. dxc5 Ba6 33. Ra4 Rb8 34. Rb4 Rxb4 35. Qxb4 Bxd3 36. Kxd3 Qd8+ 37. Kc2 Kf8 38. Qb7 Qd5 39. Qb8+ Ke7 40. Qd6+ Ke8 41. Kc3 Qh1 42. Kd2 Qe4 43. Kc3 Qh1 44. Kd4 Qd1+ 45. Ke3 Qe1+ 46. Kf3 Qh1+ 47. Ke2 Qe4+ 48. Kd2 Qb4+ 49. Kd3 Qb1+ 50. Kc3 Qc1+ 51. Kd3 Qb1+ 52. Ke3 Qe1+ 53. Kf3 Qh1+ 54. Kf4 Qc1+ 1/2-1/2

[Event "Tanta op 1st"]
[Site "Tanta"]
[Date "1997.??.??"]
[Round "9"]
[White "Ahmed, Ehab"]
[Black "Mohsen, Khaled"]
[Result "1-0"]
[WhiteElo "2235"]
[BlackElo "2280"]
[PlyCount "61"]
[EventDate "1997.??.??"]
[EventType "swiss"]
[EventRounds "10"]
[EventCountry "EGY"]
[SourceTitle "EXT 1998"]
[Source "ChessBase"]
[SourceDate "1997.11.17"]
[SourceVersion "1"]
[SourceVersionDate "1997.11.17"]
[SourceQuality "1"]

1. e4 c5 2. d3 Nc6 3. Nf3 d6 4. Nbd2 g6 5. g3 Bg7 6. Bg2 Rb8 7. a4 a6 8. 0-0 e5 9. Re1 Nge7 10. Nf1 0-0 11. c3 b6 12. Be3 d5 13. Qc1 d4 14. cxd4 Nxd4 15. Nxd4 cxd4 16. Bd2 Qd6 17. Qd1 a5 18. h4 h5 19. Nh2 Nc6 20. Qf3 Nb4 21. Rac1 Bh8 22. Bf1 f5 23. Bg5 fxe4 24. Qxe4 Bb7 25. Qe2 Qd5 26. f3 Qe6 27. Red1 Rf7 28. Bg2 Rbf8 29. Rf1 Kh7 30. f4 Bxg2 31. Kxg2 1-0

[Event "Tanta op 1st"]
[Site "Tanta"]
[Date "1997.??.??"]
[Round "10"]
[White "Mohsen, Khaled"]
[Black "El Ghazali, Youssef M"]
[Result "1-0"]
[WhiteElo "2280"]
[BlackElo "2275"]
[PlyCount "61"]
[EventDate "1997.??.??"]
[EventType "swiss"]
[EventRounds "10"]
[EventCountry "EGY"]
[SourceTitle "EXT 1998"]
[Source "ChessBase"]
[SourceDate "1997.11.17"]
[SourceVersion "1"]
[SourceVersionDate "1997.11.17"]
[SourceQuality "1"]

1. d4 Nf6 2. c4 a6 3. Nc3 c5 4. e3 e6 5. Nf3 d5 6. cxd5 exd5 7. Bd3 Nc6 8. a3 Bg4 9. 0-0 Bxf3 10. Qxf3 cxd4 11. exd4 Nxd4 12. Re1+ Be7 13. Qh3 Nb3 14. Rb1 Nxc1 15. Rbxc1 h6 16. Qf5 Kf8 17. Rcd1 Qc8 18. Qf3 Qc6 19. Bc2 Rd8 20. Ba4 Qc4 21. Rd2 b5 22. Nxd5 bxa4 23. Nxe7 Re8 24. Rde2 Rd8 25. h3 h5 26. Qe3 Re8 27. Qb6 Qb5 28. Qd6 Qb8 29. Ng6+ Kg8 30. Rxe8+ Qxe8 31. Rxe8+ 1-0